| 000 | 01719nam a2200373 c 4500 | ||
|---|---|---|---|
| 999 |
_c29017 _d29017 |
||
| 003 | BLK | ||
| 005 | 20220209140430.0 | ||
| 008 | 180407b bul|||||r ||||||| ||bul|| | ||
| 010 | _aKNG00031626000 | ||
| 020 | _a954-07-0654-8 | ||
| 040 | _aBLK | ||
| 041 |
_aBUL _cBUL |
||
| 072 | 7 |
_2bullib _aК _xКраезнание |
|
| 072 | 7 |
_2bullib _aЯ _xАвтографи |
|
| 080 |
_aУчителско тяло (Колегия) - Педагогически съвети, учителски конференции, видове учители и педагози, непреподавателски персонал (училищни психолози, социолози и др. ). Вж и 378. 12 _b371.12 _x(497.2)(091) _z371.12(497.2)(091) |
||
| 100 | 1 |
_aДаскалова, Красимира Петрова _eпърви автор _9366379 |
|
| 139 |
_aДаскалова, Красимира Петрова _bД 24 |
||
| 245 | 1 | 0 |
_aБългарският учител през Възраждането _cКрасимира Петрова Даскалова. |
| 260 |
_bУнив. изд. Св. Климент Охридски _c1997 |
||
| 300 |
_a239 с. _c20 см |
||
| 380 | _a3 | ||
| 650 | 4 |
_aУчители, български - през Възраждането _9256541 |
|
| 650 | 4 |
_aВъзраждане - България _9243355 |
|
| 651 | 4 |
_aБългария _9241624 |
|
| 653 | _aучители | ||
| 653 | _aобразование | ||
| 653 | _aВъзраждане | ||
| 659 | _aК | ||
| 659 | _aЯ | ||
| 852 | _aЦб 195379 | ||
| 852 | _aК 37.09/Д 24 К | ||
| 856 | 4 | _qpdf | |
| 856 | 4 | _qpdf | |
| 942 |
_cKNG _n0 _s1 |
||
| 944 |
_aCR _c15.01.2003 _kAB_DOS |
||
| 944 |
_aED _c18.03.2015 _kВаля_Йорданова |
||
| 999 | _d29017 | ||